| 000 | 01172cam a22002651 4500 | ||
|---|---|---|---|
| 001 | l 40000005 | ||
| 003 | DLC | ||
| 005 | 20260227111537.0 | ||
| 008 | 820626s1939 xx a bs 000 0 eng | ||
| 010 | _al 40000005 | ||
| 035 | _a(OCoLC)14728827 | ||
| 040 |
_aDLC _cDNLM _dOCoLC _dDLC |
||
| 042 | _apremarc | ||
| 050 | 0 | 0 |
_aHV41 _b.H27 |
| 060 | 0 |
_aW1 _bUN6181 no.248 1939 |
|
| 100 | 1 | _aHall, Frances Adkins. | |
| 245 | 1 | 0 |
_aStatistical measurement in group work; _ba manual on statistical records for use by staff members, _cby Frances Adkins Hall ... |
| 260 |
_aWashington, _bU.S. Govt. print. off., _c1939. |
||
| 300 |
_avi, 103 p. _bill. |
||
| 410 | 1 | 0 |
_aUnited States. _bChildren's Bureau. _tPublication _vno. 248 |
| 500 | _aAt head of title: United States Department of labor. Frances Perkins, secretary. Children's bureau. Katharine F. Lenroot, chief. | ||
| 500 | _a"Members of the subcommittee on group-work reporting procedures (of the Children's bureau Advisory committee on current statistics) have [given] counsel in the preparation of the manual." - Foreword. | ||
| 504 | _aBibliography: p. 85-87. | ||
| 740 | 0 | _aGroup work, Statistical measurement in | |
| 999 |
_c36313 _d36313 |
||